Guatemala First Level Subdivisions - Statistics

General Stats
  • This quiz has been taken 30 times
  • The average score is 7 of 22
Answer Stats
Department % Correct
Guatemala
78%
Alta Verapaz
44%
Baja Verapaz
44%
Peten
44%
Jalapa
33%
Jutiapa
33%
Quiche
33%
Santa Rosa
33%
Zacapa
33%
Chimaltenango
22%
Chiquimula
22%
El Progreso
22%
Escuintla
22%
Huehuetenango
22%
Izabal
22%
Quetzaltenango
22%
Retalhuelu
22%
Sacatepequez
22%
San Marcos
22%
Solola
22%
Suchitepequez
22%
Totonicapan
22%
No matching quizzes found
Score Distribution
Percent of People with Each Score
Percentile by Number Answered
Your Score History
You have not taken this quiz